<?xml version="1.0" encoding="UTF-8"?><?xml-stylesheet type="text/xsl" href="static/style.xsl"?><OAI-PMH xmlns="http://www.openarchives.org/OAI/2.0/" xmlns:xsi="http://www.w3.org/2001/XMLSchema-instance" xsi:schemaLocation="http://www.openarchives.org/OAI/2.0/ http://www.openarchives.org/OAI/2.0/OAI-PMH.xsd"><responseDate>2026-04-14T08:19:12Z</responseDate><request verb="GetRecord" identifier="oai:www.recercat.cat:10256/17650" metadataPrefix="marc">https://recercat.cat/oai/request</request><GetRecord><record><header><identifier>oai:recercat.cat:10256/17650</identifier><datestamp>2024-06-06T08:07:00Z</datestamp><setSpec>com_2072_452966</setSpec><setSpec>com_2072_2054</setSpec><setSpec>col_2072_452969</setSpec></header><metadata><record xmlns="http://www.loc.gov/MARC21/slim" xmlns:dcterms="http://purl.org/dc/terms/" xmlns:xsi="http://www.w3.org/2001/XMLSchema-instance" xmlns:doc="http://www.lyncode.com/xoai" xsi:schemaLocation="http://www.loc.gov/MARC21/slim http://www.loc.gov/standards/marcxml/schema/MARC21slim.xsd">
   <leader>00925njm 22002777a 4500</leader>
   <datafield ind2=" " ind1=" " tag="042">
      <subfield code="a">dc</subfield>
   </datafield>
   <datafield ind2=" " ind1=" " tag="720">
      <subfield code="a">Berenguer Simon, Alba</subfield>
      <subfield code="e">author</subfield>
   </datafield>
   <datafield ind2=" " ind1=" " tag="260">
      <subfield code="c">2019</subfield>
   </datafield>
   <datafield ind2=" " ind1=" " tag="520">
      <subfield code="a">Introduction: Sexual Violence (SV) is the most common type of Gender Violence&#xd;
(GV). Different studies carried out in the United States of America show that the&#xd;
prevalence of SV among college students is high. Although in Spain there is little&#xd;
scientific evidence about this phenomenon, a research carried out at Universitat&#xd;
de Girona obtained a similar prevalence. Prevention programs of GV at&#xd;
universities have been developed in the United States of America, which are&#xd;
almost nonexistent in Spanish universities. Participatory Action Research&#xd;
involves people in the community, considered agents of change, favoring their&#xd;
sensitivity, awareness and empowerment.&#xd;
Objective: To design, implement and evaluate a social intervention to sensitise&#xd;
and make college students aware of the SV phenomenon and to empower them&#xd;
in affective-sexual healthy relationships so that they become agents of change.&#xd;
Material and methods: Elaboration, implementation and evaluation of an&#xd;
&#xd;
intervention with Participatory Action Research, evaluated through a quasi-&#xd;
experimental pre-post study and a qualitative phenomenological research. The&#xd;
&#xd;
investigation is carried out from February to May 2019. The studied population is&#xd;
students of Universitat de Girona enrolled in the degrees in the academic year&#xd;
2018-2019. The study sample is 22 college students. To evaluate the intervention&#xd;
this process indicator is evaluated: degree of implementation and intervention&#xd;
quality of execution. To results evaluation the following indicators are evaluated:&#xd;
level of knowledge, sensitivity, awareness, empowerment and knowledge&#xd;
transfer. The quantitative study consisted of administering ad hoc surveys and&#xd;
performing an univariate and bivariate descriptive analysis. Qualitative research&#xd;
was based on semi-structured group interviews.&#xd;
Results: As it can be deduced from participants' speeches, it exists normalization&#xd;
of SV acts in leisure and alcohol and other drugs consumption context. After the&#xd;
intervention, participants increased their knowledge about this phenomenon as&#xd;
well as increased the identification of this acts and they also report an increase&#xd;
in sensitivity and awareness of SV. Participants achieved, globally, their expectations for workshops, valued positively their topics as well as the&#xd;
methodologies used and they considered various improvement proposals.&#xd;
Conclusions: This intervention has been effective. Students have reported&#xd;
attitudinal and behavioral changes in SV acts, recognizing their empowerment in&#xd;
affective-sexual relationships, censorship of attitudes and behaviors that favor&#xd;
sexual violence as well as knowledge transfer to students of their environment.&#xd;
Participants consider themselves as social change agents in their environment&#xd;
and with regard to healthy relationships</subfield>
   </datafield>
   <datafield ind1="8" ind2=" " tag="024">
      <subfield code="a">http://hdl.handle.net/10256/17650</subfield>
   </datafield>
   <datafield tag="653" ind2=" " ind1=" ">
      <subfield code="a">Violència envers les dones -- Prevenció</subfield>
   </datafield>
   <datafield tag="653" ind2=" " ind1=" ">
      <subfield code="a">Women -- Abuse of -- Prevention</subfield>
   </datafield>
   <datafield tag="653" ind2=" " ind1=" ">
      <subfield code="a">Estudiants universitaris</subfield>
   </datafield>
   <datafield tag="653" ind2=" " ind1=" ">
      <subfield code="a">College students</subfield>
   </datafield>
   <datafield tag="653" ind2=" " ind1=" ">
      <subfield code="a">Apoderament (Ciències socials)</subfield>
   </datafield>
   <datafield tag="653" ind2=" " ind1=" ">
      <subfield code="a">Empowerment (Social sciences)</subfield>
   </datafield>
   <datafield ind2="0" ind1="0" tag="245">
      <subfield code="a">Efectivitat d'una intervenció per a l'apoderament de l'estudiantat universitari en la construcció de relacions afectivosexuals saludables</subfield>
   </datafield>
</record></metadata></record></GetRecord></OAI-PMH>